000 00291nam a2200109Ia 4500
008 240731s9999 xx 000 0 und d
245 0 _aInternational Listening Association. Journal
260 _bRoutledge
856 _uhttps://www.tandfonline.com/loi/hijl19
942 _2ddc
942 _cTFEJ
999 _c77294
_d77294
945 _a1
_bMadushi Gamage
_c1
_dMadushi Gamage